Список чинам ведомства Министерства юстиции. 1891, ч. 3: [Мировые и городские судьи и председатели верхних крестьянских судов Прибалтийских губерний] (Запись № 12386626)

Подробности
000 -МАРКЕР
контрольное поле 01515nam2a2200241 4500
001 - ИДЕНТИФИКАТОР ЗАПИСИ
контрольное поле RU\NLR\BIBL_A\022279406
005 - ИДЕНТИФИКАТОР ВЕРСИИ
контрольное поле 20250625183354.0
035 ## - ДРУГИЕ СИСТЕМНЫЕ НОМЕРА
Идентификатор записи (NLR Aleph) 022279406
100 ## - ДАННЫЕ ОБЩЕЙ ОБРАБОТКИ
Данные общей обработки 20060620d1891 |||y0rusy50 ca
101 0# - ЯЗЫК РЕСУРСА
Язык текста, звукозаписи и т.д. русский
102 ## - СТРАНА ПУБЛИКАЦИИ ИЛИ ПРОИЗВОДСТВА
Страна публикации Российская Федерация
105 ## - ПОЛЕ КОДИРОВАННЫХ ДАННЫХ: ТЕКСТОВЫЕ МАТЕРИАЛЫ, МОНОГРАФИЧЕСКИЕ
Кодированные данные о монографическом текстовом документе a z 001yy
200 1# - ЗАГЛАВИЕ И СВЕДЕНИЯ ОБ ОТВЕТСТВЕННОСТИ
Основное заглавие [Мировые и городские судьи и председатели верхних крестьянских судов Прибалтийских губерний]
Сведения, относящиеся к заглавию исправлен по 2 февраля
210 ## - ПУБЛИКАЦИЯ, РАСПРОСТРАНЕНИЕ И ДР.
Дата издания, распространения и т.д. 1891
Место издания, распространения и т.д. Б. м.
215 ## - ФИЗИЧЕСКАЯ ХАРАКТЕРИСТИКА
Специфическое обозначение материала и объем [2], V, [3], 207, II, III, [1], XXX c.
Другие сведения о физической характеристике табл.
Размеры 23
316 ## - ПРИМЕЧАНИЯ ОБ ОСОБЕННОСТЯХ ЭКЗЕМПЛЯРА
Текст примечания Экз. РНБ с рукоп. пометами в тексте, на форзаце: "Для приемнаго Кабинета Его Превосходительства Г. Заведывающаго Канцеляриею"
Организация и экземпляр, к которому относится поле NLR
320 ## - ПРИМЕЧАНИЯ О НАЛИЧИИ В ДОКУМЕНТЕ БИБЛИОГРАФИИ / УКАЗАТЕЛЯ
Текст примечания Алф. указ.: с. I-XXX 5-й паг.
461 #0 - УРОВЕНЬ НАБОРА
Встроенное поле 001v19\rc\1444230
-- 2001#$aСписок чинам ведомства Министерства юстиции$v1891, ч. 3
Системный номер (АБИС) связанной записи 2599733
Автор Россия. Министерство юстиции
Место публикации Санктпетербург [Санкт-Петербург]
Дата публикации 1872-1913
Имя издателя, распространителя и т.д. печатано в Типографии Правительствующаго Сената
Заглавие Список чинам ведомства Министерства юстиции
Номер тома 1891, ч. 3
852 ## - МЕСТОНАХОЖДЕНИЕ И ШИФР ХРАНЕНИЯ
Идентификатор организации NLR
Шифр хранения (Call Number) 19.129.1.1(1891-3)
942 ## - ДОПОЛНИТЕЛЬНЫЕ ЭЛЕМЕНТЫ ЗАПИСИ (АБИС)
Тип экземпляра АБИС Книга
980 ## - КОЛЛЕКЦИЯ
Название коллекции Национальная библиография
Экземпляры
Тип экземпляра Дата поступления Библиотека постоянного хранения Библиотека текущего хранения Место хранения Шифр хранения Штрих-код Статус экземпляра
Книга 17.07.2024 РНБ (Садовая) РНБ (Садовая) Русский книжный фонд -Главное здание, Ленинский читальный зал 19.129.1.1(1891-3) 1-4900175